000
00251nam a22000977a 4500
008
221104b |||||||| |||| 00| 0 eng d
020
_a
9781760632137
100
_a
Walters Minette
_9
7619
245
_a
The Last Hours
260
_a
London
_b
Allen & Unwin
_c
2017
999
_c
12133
_d
12133